LIBRARY & INFORMATION CENTRE, KCAET, TAVANUR

ONLINE PUBLIC ACCESS CATALOGUE (OPAC)

Overcoat / (Record no. 18119)

MARC details
000 -LEADER
fixed length control field 00426nam a2200169 4500
003 - CONTROL NUMBER IDENTIFIER
control field OSt
008 - FIXED-LENGTH DATA ELEMENTS--GENERAL INFORMATION
fixed length control field 241005b |||||||| |||| 00| 0 eng d
020 ## - INTERNATIONAL STANDARD BOOK NUMBER
ISBN 9788126207305
041 ## - LANGUAGE CODE
Language code of text/sound track or separate title mal
082 ## - DEWEY DECIMAL CLASSIFICATION NUMBER
Classification number 891.7301 GOG/OV
100 ## - MAIN ENTRY--AUTHOR NAME
Personal name Gogol, Nikolai
245 ## - TITLE STATEMENT
Title Overcoat /
260 ## - PUBLICATION, DISTRIBUTION, ETC. (IMPRINT)
Place of publication Thiruvananthapuram :
Name of publisher Chintha Publishers,
Year of publication 2012.
300 ## - PHYSICAL DESCRIPTION
Number of Pages 48p.
700 ## - ADDED ENTRY--PERSONAL NAME
Personal name Mannur, Sarath - translator.
942 ## - ADDED ENTRY ELEMENTS (KOHA)
Koha item type Books
Holdings
Withdrawn status Lost status Damaged status Home library Current library Date acquired Source of acquisition Cost, normal purchase price Full call number Accession Number Koha item type
      KAUAET KAUAET 05/10/2024 Donated by KT Jaleel MLA 35.00 891.7301 GOG/OV 26270 Books
free website counter